Ciudadanos sin brújula /

Compilación de textos del autor realizados en la última época de su vida, en los cuales reflexiona sobre la democracia, el poder y la ciudadanía.

Shranjeno v:
Bibliografske podrobnosti
Glavni avtor: Castoriadis, Cornelius (autor)
Drugi avtorji: Morin, Edgar (epílogo) (epílogo)
Format: Knjiga
Jezik:španščina
Izdano: México : Coyoacán, 2002, c2002
Izdaja:2a edición
Serija:(Filosofía y Cultura Contemporánea ; 4)
Teme:
Oznake: Označite
Brez oznak, prvi označite!

MARC

LEADER 00000nam^a2200000^a^4500
001 000137602
005 20250521000000.0
009 20260310095401.082
020 |a 970-633-173-5 
037 |a Acervo ITESO - Biblioteca 
041 |a ESP 
082 |a 320. 01  |b CAS 
100 |a Castoriadis, Cornelius  |e (autor) 
245 1 0 |a Ciudadanos sin brújula /  |c C. Castoriadis ; presen de Julián Meza ; epílogo de E. Morin. 
250 |a 2a edición 
264 4 |a México :  |b Coyoacán,  |c 2002, c2002 
300 |a 171 p. 
336 |a texto  |b txt  |2 rdacontenido 
337 |a sin mediación  |b n  |2 rdamedio 
338 |a volumen  |b nc  |2 rdasoporte 
440 1 |a (Filosofía y Cultura Contemporánea ;  |v 4) 
520 |a Compilación de textos del autor realizados en la última época de su vida, en los cuales reflexiona sobre la democracia, el poder y la ciudadanía. 
649 |a XX 
650 |a Racismo 
650 |a Poder (Ciencias Sociales) 
650 |a Ciudadanía -  |x Tema Principal 
650 |a Democracia 
650 |a Cultura -  |x Filosofía 
650 |a Etica 
650 |a Filosofía Política 
700 |a Morin, Edgar  |e (epílogo) 
910 |a Fondo General 
920 |a Impresos - Libros 
930 |a Colección General 
905 |a 101 
901 |a 0500066341  |b IT1  |c ACC  |u 20250521 
901 |a 0500066403  |b IT1  |c ACC  |u 20250521 
902 |a https://opac.biblio.iteso.mx/vufind/Record/000137602